000
00230nam a2200097 a 4500
005
20200930075753.0
008
120119s2004 000 spa d
245
0
_a
Colección navideña.
260
_a
s. l.,
_c
s. f.
999
_c
35997
_d
35997
040
_a
DO-SdBNP